Estadísticas para Gran Buenos Aires - Partidos

Haz click aquí para intentar la prueba.

Estadísticas generales

  • Esta prueba ha sido intentada 1.142 veces
  • La puntuación promedio es 22 de 34

Respuestas en el mapa

Las respuestas están codificadas por una escala verde-roja en el mapa de la prueba según el % correcto abajo.
 

Estadísticas de respuestas

Respuesta% Correcto
La Matanza
93%
Avellaneda
92%
La Plata
90%
Tigre
90%
Quilmes
89%
Lanús
88%
San Isidro
83%
Vicente López
80%
Morón
79%
Lomas de Zamora
75%
San Martin
75%
Ezeiza
74%
Berazategui
71%
Tres de Febrero
71%
Moreno
69%
San Fernando
67%
Merlo
64%
Pilar
63%
Hurlingham
62%
Ensenada
61%
Florencio Varela
61%
Ituzaingó
58%
Berisso
57%
Almirante Brown
55%
Escobar
55%
San Miguel
53%
Jose C. Paz
52%
Cañuelas
50%
Esteban Echeverría
48%
Malvinas Argentinas
48%
General Rodríguez
46%
San Vicente
45%
Presidente Perón
42%
Marcos Paz
35%

Distribución de puntuación

Porcentaje por número respondido

Porcentaje de gente con cada puntuación

Historial de tus puntuaciones

No has intentado esta prueba.